Instituciones y doctrinas de comercio. Obra adaptada al uso de los comerciantes y de los jóvenes que se dedican a la carrera del Foro (Montevideo, 1848).

محفوظ في:
التفاصيل البيبلوغرافية
المؤلف الرئيسي: Méndez y Balcarce, Luis (autor)
مؤلفون آخرون: Mariluz Urquijo, José María (reproducción facsimilar con noticia preliminar)
التنسيق: كتاب
اللغة:الإسبانية
منشور في: Buenos Aires, Argentina: Instituto de Investigaciones de Historia del Derecho, 2000.
الموضوعات:
الوسوم: إضافة وسم
لا توجد وسوم, كن أول من يضع وسما على هذه التسجيلة!

MARC

LEADER 00000nam a2200000 a 4500
001 UCM0812
003 CL-VaPUC
005 20220822114349.0
008 020315e20000000AG |||||||||||||||||spa|d
999 |c 299630  |d 299628 
020 |a 950-9494-22-4 
040 |c Pontificia Universidad Católica de Valparaíso 
082 0 4 |a 346.0706 MEN 2000  |2 21 
100 |a Méndez y Balcarce, Luis  |e autor  |9 467808 
245 1 0 |a Instituciones y doctrinas de comercio.   |b Obra adaptada al uso de los comerciantes y de los jóvenes que se dedican a la carrera del Foro (Montevideo, 1848). 
260 |a Buenos Aires, Argentina:   |b Instituto de Investigaciones de Historia del Derecho,  |c 2000. 
300 |a 162 páginas.  
500 |a c.2 Donación Familia Prof. Alejandro Guzmán Brito. 
583 |a last modification  |c 20020315 00:00:00  |k Rodrigo Vera 
650 0 |a Derecho comercial   |9 256340 
650 0 |a Comercio  |9 255341 
650 7 |a DOCTRINAS COMERCIALES  |2 CL-VaPUC  |9 467809 
700 |a Mariluz Urquijo, José María  |9 441396  |e reproducción facsimilar con noticia preliminar  
942 |c BK  |2 ddc  |n 0 
945 |d 20020315 00:00:00  |a vberengu 
952 |0 0  |1 0  |4 0  |6 346_070600000000000_MEN_2000  |7 0  |8 A  |9 356371  |a BIBDER  |b BIBDER  |d 2019-11-21  |i 373479K  |o 346.0706 MEN 2000  |p 373479K  |r 2023-01-25  |w 2019-11-21  |y BK  |k DER